| 000 | 00850nam a22002297a 4500 | ||
|---|---|---|---|
| 005 | 20170124110233.0 | ||
| 010 | _aB-129852 | ||
| 020 |
_c1750.00 _a9780195669008 |
||
| 035 | _aB-129852 | ||
| 037 | _bCen Lib/Ret | ||
| 040 |
_aDPL _bEN |
||
| 082 |
_a704.948 _bPIN |
||
| 100 |
_aPinney, Christopher _941737 |
||
| 245 |
_aPhotos of the gods : _cby Christopher Pinney _bthe printed image and political struggle in India / |
||
| 260 |
_aNew Delhi _bOxford University Press _c2004 |
||
| 270 |
_bNew Delhi _a4/YMCA Library Building, Jai Singh Road _e110001 |
||
| 300 |
_a239p. : _c25m(Hb) _bcol.ill. |
||
| 500 | _aIncludes bibliographical references and index | ||
| 650 |
_aIdols and images -- Political aspects -- India _941738 |
||
| 650 |
_aPhotography -- India -- History -- 20th century _941739 |
||
| 942 |
_2ddc _cEN _h704.948 _mPIN |
||
| 999 |
_c134775 _d134775 |
||